Le scritture dai monasteri
Guardado en:
| Autores principales: | , |
|---|---|
| Formato: | Libro |
| Lenguaje: | italiano |
| Publicado: |
Roma
Instituti Romani Finlandaie
2003
|
| Colección: | Acta Instituti Romani Finlandiae, 29
|
| Materias: | |
| Etiquetas: |
Agregar Etiqueta
Sin Etiquetas, Sea el primero en etiquetar este registro!
|
MARC
| LEADER | 00000nam a2200000 a 4500 | ||
|---|---|---|---|
| 001 | UCL6737 | ||
| 003 | CL-VaPUC | ||
| 005 | 20211221074246.0 | ||
| 008 | 040416e20030000it 1 ita d | ||
| 020 | |a 9525323064 | ||
| 082 | 0 | 4 | |a 940.1 |b DER |2 21 |
| 100 | 1 | |a De Rubeis, Flavia |e author |9 620563 | |
| 700 | 1 | |a Pohl, Walter |e author |9 620564 | |
| 245 | 1 | 3 | |a Le scritture dai monasteri |
| 246 | 1 | 0 | |a Atti de II§ Seminario Internazionale di Studio I Monasteri nellïAlto Medioevo |
| 260 | |a Roma |b Instituti Romani Finlandaie |c 2003 | ||
| 300 | |a 247 p | ||
| 490 | 0 | |a Acta Instituti Romani Finlandiae, 29 | |
| 583 | |a last modification |c 20040416 00:00:00 |k Rodrigo Vera | ||
| 650 | 0 | 0 | |a Monasterios |9 266676 |
| 650 | 0 | 7 | |a ESCRITOS RELIGIOSOS |2 CL-VaPUC |9 477780 |
| 650 | 0 | 7 | |a DOCUMENTOS EPISCOPALES |2 CL-VaPUC |9 481329 |
| 651 | 0 | |a Italia |9 254949 | |
| 942 | |c BK | ||
| 945 | |a cmena |d 20040416 00:00:00 | ||
| 546 | |a En Italiano | ||
| 536 | |a Instituti Romani Finlandiae | ||
| 518 | |p Seminario Internazionale di Studio i Monasteri nell'Alto Medioevo, 2, Roma, 9-10 maggio 2002 | ||
| 999 | |c 384029 |d 384027 | ||
| 952 | |0 0 |1 0 |4 0 |6 940_100000000000000_DER_2003 |7 0 |8 A |9 506435 |a BIBHIS |b BIBHIS |d 2020-01-23 |i 4001443 |o 940.1 DER 2003 |p 4001443 |r 2025-01-20 |w 2020-01-23 |y BK |k HIS | ||